000 00773cam a2200217 4500
001 5919
005 20181127180537.0
008 160310s2016 ii a 000 1 eng
010 _a 2015515463
020 _a9789351777922
245 0 0 _aWalking towards ourselves :
_bIndian women tell their stories /
_cedited by Catriona Mitchell.
264 1 _aNoida :
_bHarperCollins Publishers India,
_c2016.
300 _avi, 266 pages ;
_c22 cm
336 _atext
_btxt
_2rdacontent
337 _aunmediated
_bn
_2rdamedia
338 _avolume
_bnc
_2rdacarrier
650 _aWomen -- India -- Biography.
_v
_x
_y
_z
_2
650 0 _aIndic literature (English)
_xWomen authors
_y21st century.
650 0 _aShort stories, Indic (English)
_y21st century.
700 1 _aMitchell, Catriona,
_eeditor.
999 _c4997
_d4997